| 000 | 00688nam a2200181Ia 4500 | ||
|---|---|---|---|
| 008 | 151202s9999||||xx |||||||||||||| ||und|| | ||
| 082 | _bPNVM-45535 | ||
| 100 | _aदेशपांडे मधुकर. | ||
| 245 | _aहास्यगंगेचे स्वर्गावतरण. | ||
| 260 | _bमुश्री प्रकाशन. | ||
| 260 | _c2004 | ||
| 300 | _a104 | ||
| 600 | _aदेशपांडे मधुकर. | ||
| 630 | _aहास्यगंगेचे स्वर्गावतरण. | ||
| 700 | _aदेशपांडे मधुकर. | ||
| 730 | _aहास्यगंगेचे स्वर्गावतरण. | ||
| 942 | _cBOOK | ||
| 999 |
_c1311486 _d1311483 |
||